000
00261cam a22000977a 4500
008
180718b xxu||||| |||| 00| 0 eng d
082
_a
I513/M868/75/c.1
100
_a
Mouzelis, Nicos P.
245
_a
Organisation and bureaucracy
_c
by Nicos P. Mouzelis
260
_a
_b
_c
999
_c
348605
_d
348605